000 00626nam a2200181Ia 4500
008 100920s9999 xx 000 0 und d
082 _b80533
_a891.43 न 00
100 _aसंक.उपाध्याय मदन मोहन.
245 _aपुरखैती.
260 _bदिवि पब्लिशर्स एण्ड डिस्ट्रीब्यूटर्स, दिल्ली.
_c2000
300 _a167
_bसाधी
365 _b100
520 _aहिंदी.
630 _aपुरखैती.
650 _aहिंदी.
730 _aपुरखैती.
942 _cBOOK
999 _c721426
_d721423